000 01515nam a2200373 c 4500
003 BLK
005 20190411140034.0
008 180409b bul|||||r ||||||| ||bul||
010 _aKNG00136760000
020 _a978-954-607-806-3
_bиздат.: ЛИК
040 _aBLK
041 _aBUL
_cBUL
072 7 _2bullib
_aН80
_xЕзикознание Н
080 _aОбщо езикознание и филология
_b81
_x:316
_z81:316
700 1 _aЧомски, Аврам Ноам
_e*
_9366765
100 1 _aЧомски, Ноам
_eпърви автор
_gЧомски, Аврам Ноам
_9256569
700 1 _aКръпова, Илияна
_eсъстав. и прев.
_984562
139 _aЧомски, Аврам Ноам
_bЧ 91
245 1 0 _aСтудии за езика и философията на ума
_c* Аврам Ноам Чомски; Ноам Чомски; състав. и прев. Илияна Кръпова.
257 _aUSA
260 София
_bЛИК
_c2012
300 _a332 с.
_c20 см
380 _a80
500 _aБез сведение за ориг. загл. - Библиогр. с. 309. - Съдържа Библиогр. на трудовете на Ноам Чомски
650 4 _aСоциолингвистика
_9171617
653 _aсоциология
653 _aезикознание
659 _aН
852 _aЦб 257267
856 4 _qpdf
_u
856 4 _qpdf
_u
942 _cKNG
_n0
_01
944 _aCR
_c07.08.2007
_kГеновева_Генчева
944 _aED
_c19.12.2012
_k
999 _c130961
_d130961